Analýza sezónnosti vybraného časového radu s následnou predikciou (švoč) bakalárska práca

Uložené v:
Podrobná bibliografia
Hlavný autor: Muszela, Nikolett
Korporativný autor: Fakulta hospodárskej informatiky EU. Katedra štatistiky
Ďalší autori: Bolgáč, Ján, 1959-
Médium: Kniha
Jazyk:Slovak
Vydavateľské údaje: Bratislava 2011
Tagy: Pridať tag
Žiadne tagy, Buďte prvý, kto otaguje tento záznam!

MARC

LEADER 00000nbm a2200000 4500
001 0140962
005 20161109111724.7
041 0 |a slo 
044 |a SK 
245 1 0 |a Analýza sezónnosti vybraného časového radu s následnou predikciou (švoč)  |b bakalárska práca  |c Nikolett Muszela ; školiteľ: Ján Bolgáč 
264 1 |a Bratislava  |c 2011 
300 |a 50 s. 
100 1 |a Muszela, Nikolett 
700 1 |a Bolgáč, Ján, 1959- 
710 2 |a Fakulta hospodárskej informatiky EU. Katedra štatistiky